000 00484nam a2200181Ia 4500
005 20250326125418.0
008 250326s9999 xx 000 0 und d
037 _aTextbook
040 _aFMSL
_beng
_cFMSL
041 _aeng
_2eng
084 _aX9W:Z1 L0
_qFMSL
100 _aHoghton C D
_9739040
245 0 _aCompany
_cHoghton C D
260 _aLondon
_bLondon, George Allen & Unwin
_c1970
300 _a394p
942 _cTB
_hX9W:Z1 L0
999 _c1277947
_d1277947